The use of labour-intensive irrigation technologies ib alleviating poverty in majengo,Mbeya rural District (Record no. 6972)
[ view plain ]
| 000 -LEADER | |
|---|---|
| fixed length control field | 00494nam a22001337a 4500 |
| 008 - FIXED-LENGTH DATA ELEMENTS--GENERAL INFORMATION | |
| fixed length control field | 200408b ||||| |||| 00| 0 eng d |
| 020 ## - INTERNATIONAL STANDARD BOOK NUMBER | |
| International Standard Book Number | 0856-4189 |
| 100 ## - MAIN ENTRY--PERSONAL NAME | |
| Personal name | SHITUNDU,Joseph |
| 245 ## - TITLE STATEMENT | |
| Title | The use of labour-intensive irrigation technologies ib alleviating poverty in majengo,Mbeya rural District |
| Statement of responsibility, etc. | Joseph Shitundu and Nathael Luvanga |
| Medium | English |
| 260 ## - PUBLICATION, DISTRIBUTION, ETC. (IMPRINT) | |
| Place of publication, distribution, etc. | Dar Es Salaam |
| Name of publisher, distributor, etc. | Research on Poverty Alleviation |
| Date of publication, distribution, etc. | 1998 |
| 300 ## - PHYSICAL DESCRIPTION | |
| Extent | v,36p. |
| Other physical details | Illustration |
| Dimensions | 27cm |
| 650 ## - SUBJECT ADDED ENTRY--TOPICAL TERM | |
| Source of heading or term | Repoa |
| 942 ## - ADDED ENTRY ELEMENTS (KOHA) | |
| Source of classification or shelving scheme | |
| Koha item type | BOOKS |
| Withdrawn status | Lost status | Source of classification or shelving scheme | Damaged status | Not for loan | Home library | Current library | Date acquired | Total Checkouts | Barcode | Date last seen | Price effective from | Koha item type |
|---|---|---|---|---|---|---|---|---|---|---|---|---|
| Mwanza | Mwanza | 08/04/2020 | 10000002704 | 08/04/2020 | 08/04/2020 | BOOKS |